| 000 | 00492cam a2200193ua 4500 | ||
|---|---|---|---|
| 001 | 3094 | ||
| 005 | 20260515113631.0 | ||
| 008 | 110928n ii |||gr||||Z||||||asm | ||
| 040 | _cMAIN | ||
| 082 | _a891.4513 | ||
| 100 | 1 | _aSarma, Satyendra Nath, | |
| 245 | 1 | 1 |
_aAsamiya upanyasar bhumika _cby Satyendra nath Sarma |
| 250 | _a4th. | ||
| 260 |
_aGuahati: _bSaumar Prakashan,992. |
||
| 300 |
_a184p: _c23cm. |
||
| 653 | _aAssamese novel | ||
| 653 | _aAsamiya upanyasar bhumika | ||
| 942 | _cBK | ||
| 999 |
_c2938 _d2938 |
||